[Event "1800 to 2299 Rated Tournament 1"]
[Site "SchemingMind.com"]
[Date "2022.06.14"]
[Round "-"]
[White "splinter"]
[Black "Transcendent"]
[Result "0-1"]
[WhiteCountry "CAN"]
[BlackCountry "ENG"]
[WhiteElo "1779"]
[WhiteRD "80"]
[BlackElo "2129"]
[BlackRD "74"]
[GameID "724373"]

1. c4 e5 2. g3 Nf6 3. Bg2 c6 4. Nc3 Bb4 5. Nf3 Qe7 6. O-O d5 7. cxd5 cxd5 8. d3 Nc6 9. Bg5 Be6 10. a3 Bxc3
11. bxc3 O-O 12. a4 h6 13. Bc1 Rfe8 14. Ba3 Qd7 15. Rb1 b6 16. Qd2 Bh3 17. Ne1 Rad8 18. Nc2 Bxg2 19. Kxg2 Rc8 20. f3 Re6
21. Nb4 Ne7 22. Qc2 Nf5 23. Bc1 d4 24. c4 Rc5 25. Bd2 Nh7 26. Na6 Rc8 27. Rb5 Rg6 28. Rxe5 Nh4+ 29. Kh1 Rxg3 30. Be1 Qh3
31. e3 Qxf1#
0-1

[Event "1800 to 2299 Rated Tournament 1"]
[Site "SchemingMind.com"]
[Date "2022.06.17"]
[Round "-"]
[White "The Stonewall"]
[Black "Stephen Dunning"]
[Result "1-0"]
[WhiteCountry "ENG"]
[BlackCountry "WLS"]
[WhiteElo "2328"]
[WhiteRD "75"]
[BlackElo "1932"]
[BlackRD "81"]
[GameID "724414"]

1. e4 c6 2. d4 d5 3. exd5 cxd5 4. Nf3 Nf6 5. Ne5 e6 6. Bb5+ Bd7 7. Nxd7 Nbxd7 8. c3 Qc7 9. Nd2 Bd6 10. Nf3 O-O
11. O-O Bf4 12. Bxf4 Qxf4 13. Re1 a6 14. Bd3 b5 15. a4 bxa4 16. Rxa4 a5 17. Qa1 Qc7 18. b4 Nb6 19. Rxa5 Rxa5 20. bxa5 Nc4
21. a6 Ra8 22. Rb1 g6 23. Rb4 Qc6 24. Bxc4 dxc4 25. Ra4 Nd5 26. Ne5 Qb5 27. Ra5 Qb3 28. Ra3 Qb5 29. g3 Nc7 30. a7 f6
31. Ra5 Qb3 32. Nc6 Nd5 33. Qe1 Kf7 34. Nd8+ Rxd8 35. a8=Q Rxa8 36. Rxa8 Qxc3 37. Ra7+
1-0

[Event "1800 to 2299 Rated Tournament 1"]
[Site "SchemingMind.com"]
[Date "2022.06.15"]
[Round "-"]
[White "Stephen Dunning"]
[Black "The Stonewall"]
[Result "0-1"]
[WhiteCountry "WLS"]
[BlackCountry "ENG"]
[WhiteElo "1971"]
[WhiteRD "80"]
[BlackElo "2297"]
[BlackRD "77"]
[GameID "724415"]

1. d4 Nf6 2. c4 g6 3. Nc3 Bg7 4. e4 d6 5. Nf3 O-O 6. Be2 Nbd7 7. O-O e5 8. Be3 Qe7 9. Qc2 c6 10. Rad1 h6
11. h3 exd4 12. Bxd4 Re8 13. Rfe1 b6 14. Bf1 Bb7 15. a3 Rad8 16. b4 Nf8 17. e5 dxe5 18. Rxe5 Ne6 19. Re2 c5 20. bxc5 Bxf3
21. gxf3 Nxd4 22. Rxe7 Nxc2 23. Rxd8 Rxd8 24. Rxa7 bxc5 25. a4 Nd4 26. Rc7 Nxf3+
0-1

[Event "1800 to 2299 Rated Tournament 1"]
[Site "SchemingMind.com"]
[Date "2022.06.14"]
[Round "-"]
[White "Transcendent"]
[Black "Stephen Dunning"]
[Result "1-0"]
[WhiteCountry "ENG"]
[BlackCountry "WLS"]
[WhiteElo "2089"]
[WhiteRD "77"]
[BlackElo "1960"]
[BlackRD "75"]
[GameID "724416"]

1. d4 Nf6 2. c4 e6 3. g3 Bb4+ 4. Bd2 Be7 5. Bg2 d5 6. Nf3 O-O 7. O-O c6 8. Qc2 Nbd7 9. Bf4 b6 10. Rd1 Ba6
11. Ne5 Rc8 12. cxd5 Nxd5 13. Nc3 Nxe5 14. Bxe5 f6 15. Bf4 Nxf4 16. gxf4 f5 17. e3 Bb7 18. Rac1 Rf6 19. Qa4 Rg6 20. Ne2 a5
21. Kh1 Qe8 22. Ng3 h5 23. Qb3 Bd8 24. a4 h4 25. Ne2= Rxg2 26. Kxg2 Qg6+ 27. Kf1 c5 28. dxc5 Qg2+ 29. Ke1 Bd5 30. Rxd5 Qh1+
31. Kd2 Qxd5+ 32. Qxd5 exd5 33. cxb6 Rxc1 34. b7
1-0

[Event "1800 to 2299 Rated Tournament 1"]
[Site "SchemingMind.com"]
[Date "2022.06.15"]
[Round "-"]
[White "Stephen Dunning"]
[Black "Transcendent"]
[Result "0-1"]
[WhiteCountry "WLS"]
[BlackCountry "ENG"]
[WhiteElo "1932"]
[WhiteRD "81"]
[BlackElo "1997"]
[BlackRD "86"]
[GameID "724417"]

1. d4 d5 2. Bf4 Nf6 3. e3 c5 4. Nd2 Qb6 5. Ngf3 Bf5 6. dxc5 Qxc5 7. c4 Nc6 8. Rc1 d4 9. Nb3 Qb4+ 10. Qd2 dxe3
11. Bxe3 e5 12. Qxb4 Bxb4+ 13. Nfd2 O-O-O 14. Be2 Nd4 15. Bd1 Ne4 16. f3 Nxb3 17. axb3 Nxd2
0-1

[Event "1800 to 2299 Rated Tournament 1"]
[Site "SchemingMind.com"]
[Date "2022.06.14"]
[Round "-"]
[White "lawyertheologian"]
[Black "Stephen Dunning"]
[Result "1-0"]
[WhiteCountry "USA"]
[BlackCountry "WLS"]
[WhiteElo "2058"]
[WhiteRD "80"]
[BlackElo "1971"]
[BlackRD "80"]
[GameID "724418"]

1. e4 c5 2. Nc3 d6 3. f4 g6 4. Nf3 Bg7 5. Bc4 Nc6 6. O-O e6 7. d3 Nge7 8. Qe1 O-O 9. a3 a6 10. Ba2 b5
11. Rb1 b4 12. Ne2 Rb8 13. Qh4 bxa3 14. bxa3 Rxb1 15. Bxb1 Qb6 16. Ba2 d5 17. Ng3 Bd7 18. f5 gxf5 19. Nh5 Ng6 20. Nf6+ Bxf6
21. Qxf6 Qd8 22. Qxd8 Nxd8 23. exd5 exd5 24. Bxd5 Be6 25. Ba8 Ne7 26. Be3 c4 27. Bc5 Re8 28. Nd4 cxd3 29. cxd3 Bd7 30. Bf3 Ne6
31. Nxe6 fxe6 32. Rb1 Bb5 33. Bh5 Ng6 34. d4 Rc8= 35. Bd1 Bc4 36. Rb6 Nf4 37. Bb3 Bxb3 38. Rxb3 Rc6 39. Kf1 Nd5 40. Ke2 Nf4+
41. Kd2 Nxg2 42. Rg3+
1-0

[Event "1800 to 2299 Rated Tournament 1"]
[Site "SchemingMind.com"]
[Date "2022.06.14"]
[Round "-"]
[White "Stephen Dunning"]
[Black "lawyertheologian"]
[Result "1-0"]
[WhiteCountry "WLS"]
[BlackCountry "USA"]
[WhiteElo "1984"]
[WhiteRD "79"]
[BlackElo "2026"]
[BlackRD "83"]
[GameID "724419"]

1. d4 f5 2. g3 Nf6 3. Bg2 g6 4. Nf3 Bg7 5. O-O O-O 6. c4 d6 7. Nc3 Qe8 8. d5 Na6 9. Rb1 c6 10. dxc6 bxc6
11. b4 Bd7 12. a3 Qf7 13. c5 dxc5 14. b5 Qc4 15. bxc6 Bxc6 16. Ne5 Qxc3 17. Nxc6 Rae8 18. Bb2 Qc4 19. Bxf6
1-0

[Event "1800 to 2299 Rated Tournament 1"]
[Site "SchemingMind.com"]
[Date "2022.06.14"]
[Round "-"]
[White "Raymond de Kemp"]
[Black "Stephen Dunning"]
[Result "1-0"]
[WhiteCountry "NED"]
[BlackCountry "WLS"]
[WhiteElo "1765"]
[WhiteRD "70"]
[BlackElo "1932"]
[BlackRD "81"]
[GameID "724420"]

1. f4 d5 2. Nf3 g6 3. g3 Bg7 4. Bg2 Nf6 5. O-O O-O 6. d3 c5 7. c3 Nc6 8. Na3 b6 9. Qe1 Bb7 10. e4 dxe4
11. dxe4 Ba6 12. Rf2 Qc7 13. e5 Ng4 14. Rd2 Rad8 15. h3 Nh6 16. Rxd8 Nxd8 17. Be3 Nf5 18. Bf2 e6 19. g4 Ne7 20. c4 Ndc6
21. Ng5 h6 22. Ne4 f5 23. exf6 Bxf6 24. Nxf6+ Rxf6 25. g5 hxg5 26. fxg5 Rf5 27. Qxe6+ Kg7 28. Qe3 Qe5 29. Qxe5+ Nxe5 30. h4 Nxc4
31. Nxc4 Bxc4 32. Re1 Rf7 33. b3 Bd3 34. Rd1 Bf5 35. Bg3 Bc8 36. Be5+ Kh7 37. Rd8 Rg7 38. Bxg7 Kxg7 39. Re8 Kf7 40. Bc6 Bb7
41. Bb5 Nf5 42. Re1 Nxh4 43. Bc4+ Kf8 44. Re6 Bc8 45. Rf6+ Ke8 46. Bf7+
1-0

[Event "1800 to 2299 Rated Tournament 1"]
[Site "SchemingMind.com"]
[Date "2022.06.14"]
[Round "-"]
[White "Stephen Dunning"]
[Black "Raymond de Kemp"]
[Result "1-0"]
[WhiteCountry "WLS"]
[BlackCountry "NED"]
[WhiteElo "1971"]
[WhiteRD "80"]
[BlackElo "1814"]
[BlackRD "70"]
[GameID "724421"]

1. d4 Nf6 2. c4 e5 3. dxe5 Ng4 4. Nf3 Nc6 5. Bg5 Be7 6. Bxe7 Qxe7 7. Nc3 O-O 8. Nd5 Qd8 9. e3 Re8 10. Be2 Ngxe5
11. Nxe5 Nxe5 12. O-O d6 13. e4 c6 14. Nc3 Be6 15. b3 a5 16. f4 Qb6+ 17. Kh1 Qe3 18. Qc2 Nxc4 19. bxc4 Qb6 20. f5 Bd7
21. Rad1 Qc7 22. Qd3 b5 23. Qxd6 Qxd6 24. Rxd6 Ra7 25. Rfd1 Bc8 26. Rd8 Re7 27. cxb5 Bb7 28. Rxe8+ Rxe8 29. Rd7 Rb8 30. Bc4
1-0

[Event "1800 to 2299 Rated Tournament 1"]
[Site "SchemingMind.com"]
[Date "2022.06.19"]
[Round "-"]
[White "Robert Hatfield"]
[Black "Stephen Dunning"]
[Result "1-0"]
[WhiteCountry "USA"]
[BlackCountry "WLS"]
[WhiteElo "1825"]
[WhiteRD "64"]
[BlackElo "1984"]
[BlackRD "79"]
[GameID "724422"]

1. d4 Nf6 2. c4 e6 3. Nc3 Bb4 4. a3 Bxc3+ 5. bxc3 c5 6. f3 Nc6 7. e4 d6 8. Bg5 h6 9. Be3 b6 10. Ne2 Ba6
11. Ng3 Na5 12. Bd3 Bxc4 13. Bxc4 Nxc4 14. Qa4+ Qd7 15. Qxc4
1-0

[Event "1800 to 2299 Rated Tournament 1"]
[Site "SchemingMind.com"]
[Date "2022.06.19"]
[Round "-"]
[White "Stephen Dunning"]
[Black "Robert Hatfield"]
[Result "1/2-1/2"]
[WhiteCountry "WLS"]
[BlackCountry "USA"]
[WhiteElo "1971"]
[WhiteRD "80"]
[BlackElo "1801"]
[BlackRD "63"]
[GameID "724423"]

1. d4 Nf6 2. Bf4 g6 3. Nf3 Bg7 4. e3 O-O 5. Be2 c5 6. Nc3 Nc6 7. h4 cxd4 8. exd4 Nh5 9. Be3 d5 10. Ng5 Nf6
11. h5 gxh5 12. Bxh5 Bf5 13. Ne2 Nxh5 14. Rxh5 Bg6 15. Ng3 Bxh5 16. Qxh5 h6 17. Nf5 hxg5 18. Nxg7 e5 19. Bxg5 Qd6 20. Nf5 Qg6
21. Nh6+ Kh7 22. Qh3 Kg7 23. Nf5+ Kg8 24. Nh6+ Kg7 25. Nf5+ Kg8=
1/2-1/2

[Event "1800 to 2299 Rated Tournament 1"]
[Site "SchemingMind.com"]
[Date "2022.06.17"]
[Round "-"]
[White "splinter"]
[Black "Stephen Dunning"]
[Result "0-1"]
[WhiteCountry "CAN"]
[BlackCountry "WLS"]
[WhiteElo "1765"]
[WhiteRD "78"]
[BlackElo "1960"]
[BlackRD "75"]
[GameID "724424"]

1. c4 e5 2. g3 Nf6 3. Bg2 d5 4. cxd5 Nxd5 5. Nc3 Nb6 6. b3 Be7 7. Nf3 Nc6 8. O-O O-O 9. Bb2 Bg4 10. Rc1 f5
11. Nb5 a6 12. Nxc7 Qxc7 13. Nxe5 Bf6 14. Bxc6 bxc6 15. Rxc6 Qb7 16. Rxb6 Qxb6 17. Nd7 Qc6 18. Nxf6+ Rxf6 19. f3 Bh3 20. Rf2 Rf7
21. d4 Rc7 22. e3 Qd5 23. Rd2 Re8 24. Qe2 Rce7 25. Rd3 f4 26. e4 fxg3 27. hxg3 Qg5 28. Qf2 Rc7 29. f4 Qb5 30. Re3 Qc6
31. d5 Qc2 32. Re2 Qb1+ 33. Re1 Qxa2 34. d6 Rc6 35. e5 Qxb3 36. f5 Bxf5
0-1

[Event "1800 to 2299 Rated Tournament 1"]
[Site "SchemingMind.com"]
[Date "2022.06.17"]
[Round "-"]
[White "Stephen Dunning"]
[Black "splinter"]
[Result "1-0"]
[WhiteCountry "WLS"]
[BlackCountry "CAN"]
[WhiteElo "1960"]
[WhiteRD "75"]
[BlackElo "1765"]
[BlackRD "78"]
[GameID "724425"]

1. d4 e6 2. e4 b6 3. Nf3 Bb7 4. Bd3 c5 5. Nc3 cxd4 6. Nxd4 Nc6 7. Nxc6 Bxc6 8. Qe2 Bb4 9. Bd2 Nf6 10. O-O-O O-O
11. a3 Bc5 12. Be3 Bxe3+ 13. Qxe3 Qc7 14. h3 a6 15. f3 b5 16. g4 Rac8 17. Rhf1 d5 18. e5 Ne8 19. f4 Qb7 20. Ne2 b4
21. axb4 Qxb4 22. Bxa6 Ra8 23. c3 Qb3 24. Nd4 Qb6 25. Bd3 Ra1+ 26. Bb1 Nc7 27. Qd3 Rb8 28. Qxh7+ Kf8 29. Qh8+ Ke7 30. Nxc6+ Qxc6
31. Qxb8 Nb5 32. f5 Nxc3 33. Kd2 Nxd1 34. f6+ gxf6 35. exf6+ Kd7 36. Rxd1 Ra8 37. Qb4 Re8 38. Rc1
1-0